Chuyên đề quản lí trường học Tập 1
Trình bày mô hình giáo dục thế kỉ IXX; Quản lý cơ sở vật chất-kỹ thuật của trường học nhằm nâng cao chất lượng giáo dục-đào tạo. Đề cập đến câu lạc bộ quản lý về giao tiếp sư phạm.
Đã lưu trong:
| Tác giả chính: | |
|---|---|
| Định dạng: | Sách |
| Năm xuất bản: |
H.
Giáo dục
1996
|
| Chủ đề: | |
| Tags: |
Thêm thẻ
Không có thẻ, Hãy là người đầu tiên gắn thẻ bản ghi này!
|
| LEADER | 03191nam a2200289 4500 | ||
|---|---|---|---|
| 082 | |a 371.2 |b NG 527 V | ||
| 100 | |a Nguyễn Văn Lê | ||
| 245 | |a Chuyên đề quản lí trường học |c Nguyễn Văn Lê, Đỗ Hữu Tài |n Tập 1 | ||
| 260 | |a H. |b Giáo dục |c 1996 | ||
| 300 | |a 114tr. |c 19cm. | ||
| 520 | |a Trình bày mô hình giáo dục thế kỉ IXX; Quản lý cơ sở vật chất-kỹ thuật của trường học nhằm nâng cao chất lượng giáo dục-đào tạo. Đề cập đến câu lạc bộ quản lý về giao tiếp sư phạm. | ||
| 653 | |a Giáo dục | ||
| 653 | |a Trường học | ||
| 653 | |a Quản lý | ||
| 942 | |2 ddc |c STK0 | ||
| 999 | |c 9980 |d 9980 | ||
| 952 | |0 0 |1 0 |2 ddc |4 0 |6 371_200000000000000_NG_527_V |7 0 |8 300 |9 78303 |a qbu |b qbu |c D2 |d 2015-07-16 |g 10000 |o 371.2 NG 527 V |p 10073.c1 |r 0000-00-00 |w 2015-07-16 |y STK0 |0 0 |6 371_200000000000000_NG_527_V |0 0 |6 371_200000000000000_NG_527_V | ||
| 952 | |0 0 |1 0 |2 ddc |4 0 |6 371_200000000000000_NG_527_V |7 0 |8 300 |9 78304 |a qbu |b qbu |c D2 |d 2015-07-16 |g 10000 |o 371.2 NG 527 V |p 10073.c2 |r 0000-00-00 |w 2015-07-16 |y STK0 |0 0 |6 371_200000000000000_NG_527_V |0 0 |6 371_200000000000000_NG_527_V | ||
| 952 | |0 0 |1 0 |2 ddc |4 0 |6 371_200000000000000_NG_527_V |7 0 |8 300 |9 78305 |a qbu |b qbu |c D2 |d 2015-07-16 |g 10000 |o 371.2 NG 527 V |p 10073.c3 |r 0000-00-00 |w 2015-07-16 |y STK0 |0 0 |6 371_200000000000000_NG_527_V |0 0 |6 371_200000000000000_NG_527_V | ||
| 952 | |0 0 |1 0 |2 ddc |4 0 |6 371_200000000000000_NG_527_V |7 0 |8 300 |9 78306 |a qbu |b qbu |c D2 |d 2015-07-16 |g 10000 |o 371.2 NG 527 V |p 10073.c4 |r 0000-00-00 |w 2015-07-16 |y STK0 |0 0 |6 371_200000000000000_NG_527_V |0 0 |6 371_200000000000000_NG_527_V | ||
| 952 | |0 0 |1 0 |2 ddc |4 0 |6 371_200000000000000_NG_527_V |7 0 |8 300 |9 78307 |a qbu |b qbu |c D2 |d 2015-07-16 |g 10000 |o 371.2 NG 527 V |p 10073.c5 |r 0000-00-00 |w 2015-07-16 |y STK0 |0 0 |6 371_200000000000000_NG_527_V |0 0 |6 371_200000000000000_NG_527_V | ||
| 952 | |0 0 |1 0 |2 ddc |4 0 |6 371_200000000000000_NG_527_V |7 0 |8 300 |9 78308 |a qbu |b qbu |c D2 |d 2015-07-16 |g 10000 |o 371.2 NG 527 V |p 10073.c6 |r 0000-00-00 |w 2015-07-16 |y STK0 |0 0 |6 371_200000000000000_NG_527_V |0 0 |6 371_200000000000000_NG_527_V | ||
| 952 | |0 0 |1 0 |2 ddc |4 0 |6 371_200000000000000_NG_527_V |7 0 |8 300 |9 78309 |a qbu |b qbu |c D2 |d 2015-07-16 |g 10000 |o 371.2 NG 527 V |p 10073.c7 |r 0000-00-00 |w 2015-07-16 |y STK0 |0 0 |6 371_200000000000000_NG_527_V |0 0 |6 371_200000000000000_NG_527_V | ||
| 952 | |0 0 |1 0 |2 ddc |4 0 |6 371_200000000000000_NG_527_V |7 0 |8 300 |9 78310 |a qbu |b qbu |c D2 |d 2015-07-16 |g 10000 |o 371.2 NG 527 V |p 10073.c8 |r 0000-00-00 |w 2015-07-16 |y STK0 |0 0 |6 371_200000000000000_NG_527_V |0 0 |6 371_200000000000000_NG_527_V | ||
| 952 | |0 0 |1 0 |2 ddc |4 0 |6 371_200000000000000_NG_527_V |7 0 |8 300 |9 78311 |a qbu |b qbu |c D2 |d 2015-07-16 |g 10000 |o 371.2 NG 527 V |p 10073.c9 |r 0000-00-00 |w 2015-07-16 |y STK0 |0 0 |6 371_200000000000000_NG_527_V |0 0 |6 371_200000000000000_NG_527_V | ||
| 952 | |0 0 |1 0 |2 ddc |4 0 |6 371_200000000000000_NG_527_V |7 0 |8 300 |9 78312 |a qbu |b qbu |c D2 |d 2015-07-16 |g 10000 |o 371.2 NG 527 V |p 10073.c10 |r 0000-00-00 |w 2015-07-16 |y STK0 |0 0 |6 371_200000000000000_NG_527_V |0 0 |6 371_200000000000000_NG_527_V | ||
| 952 | |0 0 |1 0 |2 ddc |4 0 |6 371_200000000000000_NG_527_V |7 0 |8 300 |9 78313 |a qbu |b qbu |c D2 |d 2015-07-16 |g 10000 |o 371.2 NG 527 V |p 10073.c11 |r 0000-00-00 |w 2015-07-16 |y STK0 |0 0 |6 371_200000000000000_NG_527_V |0 0 |6 371_200000000000000_NG_527_V | ||